000 00653nam a22001817a 4500
999 _c16005
_d16005
003 AR-CdUCM
008 190430b ||||| |||| 00| 0 spa d
040 _aMUNICIPALIDAD PROVINCIAL DEL CUSCO
_cBIBLIOTECA MUNICIPAL DEL CUSCO
082 _aC / 345.707 /
_bA43
245 _aDerecho /
260 _bPlantie.
_c1940.
300 _a779 páginas ;
_c25 cm.
500 _aEl libro no tienes tapa, no puede identificarse el nombre del libro...
505 _aCondiciones generales - Condiciones especificas -- Designacion de los jueces -- Incompatibilidades -- Deberes y facultades...
650 _aDerecho.
_9739
942 _2ddc
_cLIBROS
945 _awfj